Thoughts and after thoughts / (Record no. 549687)

000 -LEADER
fixed length control field 00503nam a2200157 a 4500
020 ## - INTERNATIONAL STANDARD BOOK NUMBER
International Standard Book Number 9693508424
082 00 - DEWEY DECIMAL CLASSIFICATION NUMBER
Classification number 954.91
Author Mark ALT
100 1# - MAIN ENTRY--PERSONAL NAME
Personal name Gauhar, Altaf,
9 (RLIN) 46332
245 10 - TITLE STATEMENT
Title Thoughts and after thoughts /
Statement of responsibility, etc. Altaf Gauhar.
260 ## - PUBLICATION, DISTRIBUTION, ETC.
Place of publication, distribution, etc. Lahore :
Name of publisher, distributor, etc. Sang-e-Meel Publications,
Date of publication, distribution, etc. 1998.
300 ## - PHYSICAL DESCRIPTION
Extent 480 p. ;
Dimensions 22 cm.
520 ## - SUMMARY, ETC.
Summary, etc. Collection of articles previously published in a Daily "The Nation" during 1995-1998.
526 ## - STUDY PROGRAM INFORMATION NOTE
Program name 0
Interest level 0
Reading level 0
Title point value 954_910000000000000_ALT
650 ## - SUBJECT ADDED ENTRY--TOPICAL TERM
Topical term or geographic name entry element MCE
9 (RLIN) 379
942 ## - ADDED ENTRY ELEMENTS (KOHA)
Source of classification or shelving scheme
Koha item type Book
Holdings
Withdrawn status Lost status Source of classification or shelving scheme Damaged status Not for loan Permanent Location Current Location Date acquired Total Checkouts Full call number Barcode Date last seen Price effective from Koha item type
          Military College of Engineering (MCE) Military College of Engineering (MCE) 10/09/2014   954.91 ALT MCE-43636 10/09/2014 10/09/2014 Book
© 2023 Central Library, National University of Sciences and Technology. All Rights Reserved.